000 00614nam a2200193 a 4500
001 BRCA_795
005 20190320203143.0
008 020508s1986----sp-a---###---#000-0#spa-#
020 _a8434582406
050 4 _aND813.G6
_b.C78 1986
100 1 _aCruz Valdovinos, José Manuel
_d1943-
_92201
245 1 0 _aGoya
_cJosé Manuel Cruz Valdovinos.
260 _aBarcelona
_bSalvat
_c1986
300 _a251 p.
_bil. blanco y negro
_c20 cm.
440 0 _aBiblioteca Salvat de Grandes Biografías
_v95
_92647
504 _aBibliografía: p. 251
600 1 4 _aGoya y Lucientes, Francisco José
_d1746-1828
_92648
942 _2lcc
_cB
999 _c691
_d691